Mashriq Kay Azeem Mufakkir (Record no. 10225)

MARC details
000 -LEADER
fixed length control field 00437nam a2200169Ia 4500
005 - DATE AND TIME OF LATEST TRANSACTION
control field 20250327102303.0
008 - FIXED-LENGTH DATA ELEMENTS--GENERAL INFORMATION
fixed length control field 231207s9999 xx 000 0 und d
040 ## - CATALOGING SOURCE
Transcribing agency PK-LaNCA
082 ## - DEWEY DECIMAL CLASSIFICATION NUMBER
Classification number MPH 181.9
Item number GR
100 ## - MAIN ENTRY--PERSONAL NAME
Author Name Gril, Evan P. Mic
245 #0 - TITLE STATEMENT
Title Mashriq Kay Azeem Mufakkir
Remainder of title مشرق کے عظیم مفکر
260 ## - PUBLICATION, DISTRIBUTION, ETC.
Name of publisher, distributor, etc. Takhliqaat
Place of publication, distribution, etc. Lahore
Date of publication, distribution, etc. 1997
300 ## - PHYSICAL DESCRIPTION
Pages 455p
546 ## - LANGUAGE NOTE
Language note Urdu
650 ## - SUBJECT ADDED ENTRY--TOPICAL TERM
Subject Philosophy
942 ## - ADDED ENTRY ELEMENTS (KOHA)
Koha item type M. Phil.
999 ## -
-- 10225
-- 10225
Holdings
Withdrawn status Weedout from Library Permanent Location Current Location Shelving location Date acquired Full call number Barcode Price effective from Koha item type
    NATIONAL COLLEGE OF ARTS, LAHORE - LIBRARY NATIONAL COLLEGE OF ARTS, LAHORE - LIBRARY M.Phil Section Basement of Library 08/12/2023 MPH 181.9 GR 13973 13973 08/12/2023 M. Phil.